Word Scramble 3-Letter Words - Statistics

General Stats
  • This quiz has been taken 109 times
    105 since last reset
  • The average score is 20 of 21
Answer Stats
Answer % Correct
abs
100%
ace
100%
act
100%
add
100%
age
100%
ago
100%
aid
100%
ail
100%
air
100%
all
100%
amp
100%
and
100%
ant
100%
any
100%
app
100%
arc
100%
are
100%
ark
100%
arm
100%
art
100%
ash
100%
ask
100%
asp
100%
ass
100%
ate
100%
awe
100%
awl
100%
axe
100%
bad
100%
bam
100%
ban
100%
bar
100%
bay
100%
bed
100%
beg
100%
bib
100%
bid
100%
big
100%
bin
100%
bio
100%
bit
100%
boa
100%
bob
100%
bog
100%
boo
100%
bot
100%
box
100%
boy
100%
bud
100%
bug
100%
bun
100%
but
100%
buy
100%
bye
100%
cab
100%
cad
100%
cam
100%
cap
100%
car
100%
cat
100%
cod
100%
cog
100%
cop
100%
cot
100%
cow
100%
coy
100%
cry
100%
cub
100%
cue
100%
cup
100%
cur
100%
cut
100%
dad
100%
dam
100%
day
100%
den
100%
dew
100%
did
100%
die
100%
dig
100%
dim
100%
dip
100%
doc
100%
don
100%
dot
100%
dry
100%
dub
100%
due
100%
dug
100%
duo
100%
dye
100%
ear
100%
ebb
100%
eel
100%
egg
100%
ego
100%
elf
100%
elk
100%
elm
100%
end
100%
eon
100%
eve
100%
ewe
100%
eye
100%
fad
100%
fan
100%
far
100%
fat
100%
fax
100%
fee
100%
few
100%
fib
100%
fig
100%
fin
100%
fir
100%
fit
100%
flu
100%
fly
100%
foe
100%
fog
100%
for
100%
fox
100%
fur
100%
gab
100%
gad
100%
gag
100%
gal
100%
gap
100%
gas
100%
gay
100%
gel
100%
get
100%
gig
100%
gin
100%
gob
100%
god
100%
goo
100%
gum
100%
gut
100%
gym
100%
had
100%
hag
100%
ham
100%
hay
100%
hem
100%
hen
100%
her
100%
hew
100%
hex
100%
hid
100%
him
100%
his
100%
hoe
100%
hop
100%
hug
100%
hum
100%
hut
100%
ice
100%
icy
100%
ilk
100%
ill
100%
imp
100%
ink
100%
inn
100%
ion
100%
ire
100%
irk
100%
ivy
100%
jab
100%
jam
100%
jar
100%
jaw
100%
jet
100%
jib
100%
jog
100%
jot
100%
joy
100%
jug
100%
jut
100%
keg
100%
key
100%
kid
100%
kin
100%
kit
100%
lad
100%
lag
100%
lap
100%
lax
100%
lay
100%
led
100%
leg
100%
lid
100%
lip
100%
lob
100%
lop
100%
lot
100%
low
100%
lug
100%
lye
100%
mad
100%
man
100%
map
100%
mar
100%
mat
100%
maw
100%
max
100%
may
100%
men
100%
met
100%
mix
100%
mob
100%
mod
100%
mom
100%
moo
100%
mop
100%
mow
100%
mud
100%
mug
100%
nab
100%
nap
100%
net
100%
new
100%
nib
100%
nil
100%
nip
100%
nix
100%
now
100%
nun
100%
nut
100%
oaf
100%
oak
100%
oar
100%
oat
100%
odd
100%
ode
100%
off
100%
oil
100%
old
100%
one
100%
orb
100%
orc
100%
ore
100%
out
100%
ova
100%
owe
100%
owl
100%
own
100%
pad
100%
pan
100%
par
100%
pat
100%
paw
100%
pay
100%
pea
100%
peg
100%
pen
100%
pep
100%
per
100%
pet
100%
pew
100%
pic
100%
pie
100%
pig
100%
pin
100%
pip
100%
pit
100%
pix
100%
ply
100%
pod
100%
pop
100%
pot
100%
pow
100%
pox
100%
pub
100%
pug
100%
pun
100%
pup
100%
put
100%
rag
100%
ram
100%
ran
100%
rat
100%
raw
100%
ray
100%
red
100%
ref
100%
rev
100%
rid
100%
rig
100%
rim
100%
rip
100%
rob
100%
rod
100%
roe
100%
rot
100%
row
100%
rue
100%
rum
100%
run
100%
rut
100%
rye
100%
sad
100%
sag
100%
sap
100%
sat
100%
sax
100%
say
100%
see
100%
set
100%
sex
100%
she
100%
shy
100%
sin
100%
sip
100%
sir
100%
sit
100%
six
100%
ski
100%
sky
100%
sly
100%
sob
100%
sod
100%
son
100%
sop
100%
sow
100%
soy
100%
sty
100%
sue
100%
sum
100%
tag
100%
tan
100%
tap
100%
tax
100%
tea
100%
tee
100%
ten
100%
the
100%
tie
100%
tin
100%
tip
100%
ton
100%
top
100%
tot
100%
tow
100%
toy
100%
try
100%
tug
100%
tux
100%
two
100%
vat
100%
vex
100%
via
100%
vig
100%
vim
100%
vow
100%
wad
100%
wag
100%
war
100%
was
100%
wax
100%
way
100%
web
100%
wed
100%
wet
100%
who
100%
why
100%
wig
100%
win
100%
wit
100%
woe
100%
won
100%
wow
100%
yak
100%
yam
100%
yaw
100%
yen
100%
yep
100%
yes
100%
yip
100%
zag
100%
zap
100%
Zen
100%
Zia
100%
zig
100%
zip
100%
zit
100%
zoo
100%
bra
83%
yuk
83%
let
80%
pry
80%
tab
80%
doe
75%
dog
75%
got
75%
has
75%
law
75%
rap
75%
tic
75%
you
75%
bet
67%
eat
67%
hat
67%
hip
67%
hog
67%
hue
67%
its
67%
lab
67%
not
67%
rib
67%
saw
67%
yea
67%
aye
50%
can
50%
dab
50%
fix
50%
fry
50%
log
50%
lux
50%
nag
50%
sea
50%
tar
50%
era
33%
aft
0%
aim
0%
ale
0%
ape
0%
bag
0%
bat
0%
bee
0%
bow
0%
bum
0%
bus
0%
cay
0%
cob
0%
con
0%
cud
0%
din
0%
dud
0%
emu
0%
fob
0%
fun
0%
gem
0%
gnu
0%
gun
0%
guy
0%
hey
0%
hit
0%
hot
0%
how
0%
ick
0%
jig
0%
job
0%
lie
0%
lit
0%
nod
0%
nor
0%
nub
0%
opt
0%
our
0%
pal
0%
pro
0%
rub
0%
rug
0%
sew
0%
spa
0%
spy
0%
sub
0%
sun
0%
toe
0%
too
0%
tub
0%
ump
0%
use
0%
van
0%
vet
0%
vie
0%
wry
0%
yet
0%
No matching quizzes found
Score Distribution
Percent of People with Each Score
Percentile by Number Answered
Your Score History
You have not taken this quiz since the last reset